| 000 | 00760ntm a22002177a 4500 | ||
|---|---|---|---|
| 005 | 20170809143341.0 | ||
| 008 | 170802s2011 xx a frb 000 0 eng d | ||
| 040 |
_aEG-ScBUE _beng _cEG-ScBUE |
||
| 082 | 0 | 4 |
_a624 _bKAF _222 |
| 100 | 1 | _aEl kafrawy, Ahmed. | |
| 245 | 1 | 0 |
_a''Revival of the society" / _cAhmed El kafrawy. |
| 260 | _c2011. | ||
| 300 |
_a93 p. : _bill. ; _c28 cm. |
||
| 500 | _aA thesis submitted to the faculty of engineering, The British University in egypt, in partial fulfillment of the requirements for the bachelor degree in architectural engineering. | ||
| 590 | _amai allam | ||
| 650 | 7 |
_2BUEsh _aArchitectural engineering _vProjects |
|
| 653 |
_bENGARC _cAugust2017 |
||
| 655 | _vSPRO | ||
| 700 | 1 |
_aRashed, Ahmed. _eths. |
|
| 942 | _2ddc | ||
| 999 |
_c25399 _d25371 |
||